[Event "ESP-chT Rapid"]
[Site "Ciudad Real"]
[Date "2021.10.10"]
[Round "7.5"]
[White "Fernandez Fernandez, Juan Carlos"]
[Black "Lianes Garcia, Marcos"]
[Result "1/2-1/2"]
[WhiteElo "2020"]
[BlackElo "2409"]
[PlyCount "140"]
[EventDate "2021.10.09"]
[EventType "team-swiss (rapid)"]
[EventRounds "9"]
[EventCountry "ESP"]
[SourceTitle "CBM 204 Extra"]
[Source "ChessBase"]
[SourceDate "2021.11.30"]
[SourceVersion "1"]
[SourceVersionDate "2021.11.30"]
[SourceQuality "1"]
[WhiteTeam "Solvay"]
[BlackTeam "Collado Villalba"]
[WhiteTeamCountry "ESP"]
[BlackTeamCountry "ESP"]

1. d4 g6 2. c4 Bg7 3. Nc3 c5 4. d5 d6 5. Nf3 e5 6. dxe6 Bxe6 7. e3 Ne7 8. Be2 0-0 9. 0-0 Nbc6 10. a3 d5 11. cxd5 Nxd5 12. Nxd5 Bxd5 13. Qc2 Qb6 14. Rb1 Ba2 15. Ra1 Bb3 16. Qb1 Rad8 17. Bd2 Ne5 18. Bc3 Nxf3+ 19. Bxf3 Bxc3 20. bxc3 c4 21. Qe4 Rd7 22. h4 Qf6 23. Rac1 Rfd8 24. h5 Re7 25. Qg4 b6 26. h6 Re5 27. Qg3 Qg5 28. Qh3 Qf5 29. Qg3 Re7 30. Bd1 Red7 31. Bg4 Qg5 32. Bxd7 Qxg3 33. fxg3 Rxd7 34. Rf2 Kf8 35. Rcf1 Ke8 36. Rf4 Re7 37. g4 b5 38. e4 Bc2 39. e5 Bd3 40. R1f2 a5 41. e6 f5 42. gxf5 gxf5 43. Rxf5 Bxf5 44. Rxf5 Rxe6 45. Rxb5 Re3 46. Rxa5 Kf7 47. Rc5 Rxc3 48. a4 Kg6 49. Rc6+ Kg5 50. Kh2 Rc2 51. a5 c3 52. a6 Ra2 53. Rxc3 Rxa6 54. Rh3 Rb6 55. Kg1 Kg4 56. Kh2 Rc6 57. Rg3+ Kh5 58. Rh3+ Kg5 59. Kg1 Kf4 60. Kh2 Rg6 61. Rf3+ Ke5 62. Re3+ Kf6 63. Rf3+ Ke6 64. Re3+ Kf5 65. Rf3+ Kg5 66. Rh3 Ra6 67. Kg1 Rxh6 68. Rxh6 Kxh6 69. Kh2 Kg5 70. g4 Kxg4 1/2-1/2

[Event "ESP-chT CECLUB Div1"]
[Site "Linares"]
[Date "2019.08.31"]
[Round "6.4"]
[White "Fernandez Fernandez, Juan Carlos"]
[Black "Vergara Anton, Diego"]
[Result "0-1"]
[WhiteElo "2042"]
[BlackElo "2128"]
[PlyCount "112"]
[EventDate "2019.08.26"]
[EventType "team-tourn"]
[EventRounds "7"]
[EventCountry "ESP"]
[SourceTitle "EXT 2020"]
[Source "ChessBase"]
[SourceDate "2019.10.17"]
[SourceVersion "1"]
[SourceVersionDate "2019.10.17"]
[SourceQuality "1"]
[WhiteTeam "Solvay II"]
[BlackTeam "Real Oviedo"]
[WhiteTeamCountry "ESP"]
[BlackTeamCountry "ESP"]

1. Nf3 d5 2. e3 Nf6 3. b3 g6 4. Bb2 Bg7 5. c4 dxc4 6. Bxc4 0-0 7. 0-0 c5 8. d4 cxd4 9. Nxd4 Nbd7 10. Nd2 Nb6 11. Be2 Re8 12. Rc1 e5 13. Nb5 Nfd5 14. Nc4 Qg5 15. Nxb6 Nxb6 16. Kh1 Rd8 17. Qe1 Nd5 18. Nc7 Nxc7 19. Rxc7 Be6 20. f4 exf4 21. Bxg7 Kxg7 22. Bc4 Bxc4 23. bxc4 Qe5 24. Rxb7 Re8 25. Qh4 Qxe3 26. h3 Re4 27. Qg4 Rae8 28. Rc7 Qd4 29. Qd7 Qxd7 30. Rxd7 Rxc4 31. Rxa7 Re2 32. a4 Ra2 33. a5 g5 34. Rd1 Rc5 35. Rdd7 Rf5 36. Rd3 Raxa5 37. Rxa5 Rxa5 38. Kg1 Ra2 39. Rd5 Kg6 40. Rb5 f6 41. Rc5 h5 42. Rb5 Re2 43. Rc5 Ra2 44. Rb5 g4 45. hxg4 hxg4 46. Rc5 f5 47. Rc8 Kg5 48. Rh8 f3 49. gxf3 g3 50. Rg8+ Kf4 51. Rf8 Rf2 52. Rb8 Kxf3 53. Rf8 f4 54. Rb8 Ra2 55. Rb3+ Kg4 56. Rb8 Ra1+ 0-1

[Event "ESP-chT CECLUB Div1"]
[Site "Linares"]
[Date "2019.08.30"]
[Round "5.1"]
[White "Fernandez Fernandez, Juan Carlos"]
[Black "Rubio Mejia, Luis Ignacio"]
[Result "0-1"]
[WhiteElo "2042"]
[BlackElo "2435"]
[PlyCount "84"]
[EventDate "2019.08.26"]
[EventType "team-tourn"]
[EventRounds "7"]
[EventCountry "ESP"]
[SourceTitle "EXT 2020"]
[Source "ChessBase"]
[SourceDate "2019.10.17"]
[SourceVersion "1"]
[SourceVersionDate "2019.10.17"]
[SourceQuality "1"]
[WhiteTeam "Solvay II"]
[BlackTeam "Virgen de Atocha"]
[WhiteTeamCountry "ESP"]
[BlackTeamCountry "ESP"]

1. d4 Nf6 2. c4 e6 3. Nf3 Bb4+ 4. Bd2 a5 5. a3 Bxd2+ 6. Qxd2 b6 7. g3 Bb7 8. Bg2 0-0 9. 0-0 d6 10. Nc3 Ne4 11. Qc2 Nxc3 12. Qxc3 a4 13. c5 bxc5 14. dxc5 d5 15. Rfd1 Qf6 16. Qb4 Ra7 17. Qd2 Nc6 18. Rab1 Ba6 19. e4 Bc4 20. exd5 exd5 21. Re1 h6 22. Qe3 Rb7 23. Nd2 Ba2 24. Rbd1 Rxb2 25. Qd3 Bb3 26. Rc1 Nd4 27. Nf3 Ne6 28. c6 Rd8 29. h4 Rd6 30. Qe3 d4 31. Qe5 Qxe5 32. Nxe5 d3 33. Nc4 Bxc4 34. Rxc4 d2 35. Rd1 Rd4 36. Rc3 Kf8 37. Kf1 Ke7 38. Ke2 Rd6 39. Re3 Kd8 40. Rd3 Nd4+ 41. Kf1 Nb5 42. Rxd6+ cxd6 0-1

[Event "Gijon rapid op 18th"]
[Site "Gijon"]
[Date "2018.07.22"]
[Round "2"]
[White "Fernandez Fernandez, Juan Carlos"]
[Black "Martinez Alcantara, Jose Eduardo"]
[Result "0-1"]
[WhiteElo "2085"]
[BlackElo "2545"]
[PlyCount "66"]
[EventDate "2018.07.22"]
[EventType "swiss (rapid)"]
[EventRounds "9"]
[EventCountry "ESP"]
[SourceTitle "CBM 185 Extra"]
[Source "ChessBase"]
[SourceDate "2018.07.29"]
[SourceVersion "1"]
[SourceVersionDate "2018.07.29"]
[SourceQuality "1"]

1. d4 Nf6 2. c4 e6 3. Nf3 c5 4. d5 exd5 5. cxd5 d6 6. Nc3 g6 7. e4 Bg7 8. h3 0-0 9. Bd3 a6 10. a4 Re8 11. 0-0 c4 12. Bc2 Qc7 13. Bf4 Nbd7 14. Re1 Rb8 15. Nd4 Ne5 16. Bxe5 dxe5 17. Nf3 b5 18. axb5 axb5 19. Nxb5 Rxb5 20. Ba4 Bd7 21. Bxb5 Bxb5 22. Qd2 Bf8 23. Qg5 Nd7 24. Nh4 Be7 25. Qg3 Kh8 26. Nf3 Bd8 27. h4 f6 28. h5 g5 29. h6 Nc5 30. Qg4 Be7 31. Nh4 Nd3 32. Qh5 gxh4 33. Qf7 Bd8 0-1

[Event "San Sebastian op 38th"]
[Site "San Sebastian"]
[Date "2015.03.28"]
[Round "1"]
[White "Fernandez Fernandez, Juan Carlos"]
[Black "Arrondo Carbonell, Pablo"]
[Result "1-0"]
[WhiteElo "2016"]
[BlackElo "1620"]
[PlyCount "91"]
[EventDate "2015.03.28"]
[EventType "swiss"]
[EventRounds "9"]
[EventCountry "ESP"]
[SourceTitle "CBM 165 Extra"]
[Source "ChessBase"]
[SourceDate "2015.04.21"]
[SourceVersion "1"]
[SourceVersionDate "2015.04.21"]
[SourceQuality "1"]

1. Nf3 d5 2. e3 c5 3. b3 Nf6 4. Bb2 g6 5. Bb5+ Bd7 6. Qe2 a6 7. Bxd7+ Nbxd7 8. 0-0 Bg7 9. d3 0-0 10. Nbd2 Re8 11. c4 e5 12. cxd5 Nxd5 13. Rac1 Rc8 14. Ne4 Qb6 15. Nfd2 Bf8 16. Nc4 Qe6 17. Ng5 Qe7 18. Nf3 Bg7 19. Ba3 b5 20. Ncd2 f5 21. Rc2 e4 22. dxe4 fxe4 23. Ne1 Qg5 24. Nb1 Rc6 25. Bb2 Nb4 26. Rd2 Bxb2 27. Rxb2 Ne5 28. Nc3 Ng4 29. h3 Nh6 30. Rd2 Nf5 31. a3 Nh4 32. axb4 Rf6 33. Qg4 Qe5 34. Nd5 Rd6 35. Qxh4 Rxd5 36. Rxd5 Qxd5 37. bxc5 Qxc5 38. Qf6 Qb4 39. Qb2 a5 40. Nc2 Qd2 41. Qb1 Rc8 42. Nd4 a4 43. bxa4 bxa4 44. Qxe4 Qc3 45. Nb5 Qb3 46. Rb1 1-0

[Event "Lisbon Christmas op"]
[Site "Lisbon"]
[Date "2014.12.29"]
[Round "6"]
[White "Fernandez Fernandez, Juan Carlos"]
[Black "Gomila Marti, Santiago"]
[Result "1-0"]
[WhiteElo "2090"]
[BlackElo "1710"]
[PlyCount "107"]
[EventDate "2014.12.26"]
[EventType "swiss"]
[EventRounds "9"]
[EventCountry "POR"]
[SourceTitle "EXT 2018"]
[Source "ChessBase"]
[SourceDate "2017.10.13"]
[SourceVersion "1"]
[SourceVersionDate "2017.10.13"]
[SourceQuality "1"]

1. d4 d5 2. c4 e5 3. dxe5 d4 4. Nf3 Nc6 5. g3 Nge7 6. Bg2 Ng6 7. 0-0 Ngxe5 8. Nbd2 Nxf3+ 9. Nxf3 Be7 10. a3 a5 11. b3 0-0 12. Bb2 Bf6 13. Qd2 Bg4 14. Rad1 Re8 15. Rfe1 Qd7 16. e3 Rad8 17. exd4 Rxe1+ 18. Rxe1 Bxf3 19. Bxf3 Nxd4 20. Bxd4 Qxd4 21. Qxd4 Bxd4 22. Bxb7 Bc5 23. Re5 Bxa3 24. Rxa5 Bb4 25. Ra7 c5 26. Bd5 Rf8 27. Kg2 g6 28. Kf3 Kg7 29. Ke4 h5 30. f4 Re8+ 31. Kf3 Rf8 32. Rc7 Kf6 33. h3 Ba3 34. g4 hxg4+ 35. hxg4 Bb4 36. g5+ Kg7 37. Kg4 Ba3 38. Kf3 Bb4 39. Re7 Kg8 40. Ke4 Kg7 41. Ke5 Bc3+ 42. Ke4 Bb4 43. Kd3 Kg8 44. Ke4 Bc3 45. Kf3 Bb4 46. Kg4 Bd2 47. f5 Kg7 48. Be4 gxf5+ 49. Kxf5 Rb8 50. Bd5 Rf8 51. g6 Ba5 52. gxf7 Bb4 53. Re2 Bc3 54. Rg2+ 1-0

[Event "ESP-chT CECLUB Div1 GpB"]
[Site "Linares"]
[Date "2013.08.20"]
[Round "2.2"]
[White "Fernandez Fernandez, Juan Carlos"]
[Black "Suarez Garcia, Ivan"]
[Result "1-0"]
[WhiteElo "2092"]
[BlackElo "1930"]
[PlyCount "73"]
[EventDate "2013.08.19"]
[EventType "team-tourn"]
[EventRounds "5"]
[EventCountry "ESP"]
[SourceTitle "CBM 156 Extra"]
[Source "ChessBase"]
[SourceDate "2013.10.22"]
[SourceVersion "1"]
[SourceVersionDate "2013.10.22"]
[SourceQuality "1"]
[WhiteTeam "Solvay II"]
[BlackTeam "Oviedo Universidad"]
[WhiteTeamCountry "ESP"]
[BlackTeamCountry "ESP"]

1. d4 d5 2. c4 e5 3. dxe5 d4 4. Nf3 Nc6 5. g3 Bg4 6. Bg2 Qd7 7. 0-0 0-0-0 8. Nbd2 Nge7 9. b4 Ng6 10. b5 Ncxe5 11. Qa4 Kb8 12. Bb2 Nxf3+ 13. Nxf3 Bxf3 14. Bxf3 Ne5 15. Bd5 Qh3 16. Bxd4 Rxd5 17. Qxa7+ Kc8 18. Qa8+ Kd7 19. Bxe5 Rxe5 20. Rfd1+ Bd6 21. Qxb7 Rh5 22. Rxd6+ Kxd6 23. Rd1+ Kc5 24. Qc6+ Kb4 25. Rb1+ Kc3 26. Qf3+ Kd4 27. Rd1+ Kc5 28. Qe3+ Kb4 29. Qb3+ Ka5 30. Qa3+ Kb6 31. Qa6+ Kc5 32. Qc6+ Kb4 33. Rb1+ Kc3 34. Qf3+ Kd4 35. Qf4+ Kc3 36. Rb3+ Kc2 37. Qe4+ 1-0

[Event "ESP-chT CECLUB Div2 Gp1"]
[Site "Padron"]
[Date "2012.08.09"]
[Round "3.3"]
[White "Fernandez Fernandez, Juan Carlos"]
[Black "Pena Torres, Jose Carlos"]
[Result "1-0"]
[WhiteElo "2144"]
[BlackElo "2091"]
[PlyCount "145"]
[EventDate "2012.08.08"]
[EventType "team-swiss"]
[EventRounds "6"]
[EventCountry "ESP"]
[SourceTitle "CBM 149 Extra"]
[Source "ChessBase"]
[SourceDate "2012.08.24"]
[SourceVersion "1"]
[SourceVersionDate "2012.08.24"]
[SourceQuality "1"]
[WhiteTeam "Solvay II"]
[BlackTeam "Algalia"]
[WhiteTeamCountry "ESP"]
[BlackTeamCountry "ESP"]

1. d4 Nf6 2. Nf3 e6 3. g3 b6 4. Bg2 Bb7 5. 0-0 Be7 6. c4 0-0 7. Nc3 Ne4 8. Qc2 Nxc3 9. Qxc3 c5 10. Rd1 cxd4 11. Qxd4 d6 12. Qd2 Nd7 13. b3 Nf6 14. Bb2 Ne4 15. Qe3 Qc7 16. Rac1 Rad8 17. Nd4 Nc5 18. Bh3 Ba8 19. Bg2 Bxg2 20. Kxg2 Qb7+ 21. Qf3 d5 22. cxd5 Rxd5 23. e4 Rd7 24. e5 Qxf3+ 25. Kxf3 Bg5 26. Rb1 Rc8 27. Ke2 Rd5 28. f4 Be7 29. Rbc1 Rdd8 30. Ba3 Kf8 31. Rc4 Ke8 32. Rdc1 Ra8 33. Nc6 Rd7 34. Nxe7 Rxe7 35. Bxc5 bxc5 36. Rxc5 Rd7 37. Rc8+ Rxc8 38. Rxc8+ Ke7 39. b4 Rb7 40. a3 h5 41. Kd3 a5 42. Kc3 axb4+ 43. axb4 Kd7 44. Rf8 Kc6 45. Kc4 Rc7 46. b5+ Kb6+ 47. Kb4 Rd7 48. Rc8 Rd4+ 49. Rc4 Rd2 50. Rc6+ Kb7 51. Rd6 Rxh2 52. Rd7+ Kb6 53. Rxf7 h4 54. Rxg7 hxg3 55. Rxg3 Rf2 56. Rg4 Re2 57. Kc4 Re4+ 58. Kd3 Ra4 59. Ke3 Kxb5 60. Rg6 Ra6 61. f5 Ra3+ 62. Kf4 exf5 63. Kxf5 Kc5 64. Rd6 Rf3+ 65. Ke6 Re3 66. Rd1 Rh3 67. Kf6 Rh6+ 68. Kg5 Re6 69. Kf5 Rh6 70. e6 Rh2 71. e7 Re2 72. Kf6 Rf2+ 73. Ke6 1-0

[Event "Arctic Chess Challenge"]
[Site "Tromsoe"]
[Date "2009.08.09"]
[Round "9"]
[White "Van den Bersselaar, Jeroen"]
[Black "Fernandez Fernandez, Juan Carlos"]
[Result "1/2-1/2"]
[WhiteElo "2184"]
[BlackElo "2099"]
[PlyCount "67"]
[EventDate "2009.08.01"]
[EventType "swiss"]
[EventRounds "9"]
[EventCountry "NOR"]
[SourceTitle "CBM 131 Extra"]
[Source "ChessBase"]
[SourceDate "2009.09.03"]
[SourceVersion "2"]
[SourceVersionDate "2009.09.16"]
[SourceQuality "1"]

1. d4 Nf6 2. c4 g6 3. Nc3 d5 4. Bg5 Ne4 5. Qc1 Bg7 6. cxd5 Nxc3 7. bxc3 Qxd5 8. Bh6 0-0 9. h4 Bxh6 10. Qxh6 Nd7 11. Nf3 f6 12. Nd2 Qf7 13. e4 Nb6 14. Bd3 e5 15. 0-0 exd4 16. cxd4 c6 17. a4 Be6 18. Rfc1 a5 19. Qe3 Nc8 20. Nc4 Rd8 21. Be2 Kg7 22. Rab1 Nd6 23. Nb6 Rab8 24. Rc5 Re8 25. f3 Qc7 26. Qc3 Nb5 27. Rcxb5 Qg3 28. Rc5 Qxh4 29. d5 cxd5 30. Nxd5 Bxd5 31. Rxd5 Rec8 32. Rd7+ Kh6 33. Qd2+ g5 34. Qd6 1/2-1/2

[Event "Cantabria-chT Honor"]
[Site "Cantabria"]
[Date "2009.03.07"]
[Round "10"]
[White "Cabeza Alfonso, Ricardo"]
[Black "Fernandez Fernandez, Juan Carlos"]
[Result "1/2-1/2"]
[WhiteElo "1896"]
[BlackElo "2062"]
[PlyCount "80"]
[EventDate "2008.11.08"]
[EventType "swiss"]
[EventCountry "ESP"]
[SourceTitle "EXT 2024"]
[Source "ChessBase"]
[SourceDate "2023.10.10"]
[SourceVersion "1"]
[SourceVersionDate "2023.10.10"]
[SourceQuality "1"]

1. e4 c6 2. Nc3 d5 3. Qf3 dxe4 4. Nxe4 Nd7 5. d4 Ndf6 6. c3 Nxe4 7. Qxe4 Nf6 8. Qc2 g6 9. Nf3 Bg7 10. g3 0-0 11. Bg2 Bf5 12. Qb3 Qc8 13. 0-0 Be6 14. Qc2 Bh3 15. Re1 Bxg2 16. Kxg2 e6 17. Bg5 c5 18. dxc5 Qxc5 19. Rad1 Rfd8 20. Rxd8+ Rxd8 21. Bxf6 Bxf6 22. Rd1 Rd5 23. Qb3 Rxd1 24. Qxd1 Qc4 25. a3 Qe4 26. Kg1 h5 27. h4 Qg4 28. Qd3 a6 29. Nh2 Qf5 30. Qxf5 exf5 31. Kf1 Kf8 32. Ke2 Ke7 33. Nf3 Bg7 34. Kd3 Kd6 35. b3 Bf8 36. b4 Be7 37. a4 b6 38. Kc4 Bf8 39. Nd4 Be7 40. Nf3 Bf8 1/2-1/2

[Event "Hastings Masters op 84th"]
[Site "Hastings"]
[Date "2008.12.28"]
[Round "1"]
[White "Fernandez Fernandez, Juan Carlos"]
[Black "Jackson, Oliver A"]
[Result "1/2-1/2"]
[WhiteElo "2062"]
[BlackElo "2182"]
[PlyCount "70"]
[EventDate "2008.12.28"]
[EventType "swiss"]
[EventRounds "9"]
[EventCountry "ENG"]
[SourceTitle "CBM 128 Extra"]
[Source "ChessBase"]
[SourceDate "2009.03.05"]
[SourceVersion "2"]
[SourceVersionDate "2009.03.25"]
[SourceQuality "1"]

1. d4 Nf6 2. c4 c5 3. d5 b5 4. cxb5 a6 5. bxa6 g6 6. Nc3 Bxa6 7. Nf3 Bg7 8. Nd2 e6 9. e4 exd5 10. Bxa6 Nxa6 11. Nxd5 Nxd5 12. exd5 Qe7+ 13. Qe2 Nb4 14. Qxe7+ Kxe7 15. 0-0 Nxd5 16. Nc4 Rhb8 17. a4 Rb4 18. Re1+ Kf8 19. Ne3 Nc7 20. Rd1 Ke7 21. a5 Bxb2 22. Bxb2 Rxb2 23. Nc4 Rb5 24. Nb6 Rd8 25. Re1+ Kf8 26. Reb1 Rxb1+ 27. Rxb1 d5 28. Kf1 Ke7 29. Ke2 Kd6 30. Na4 Ne6 31. Rb6+ Kc7 32. Nc3 Nd4+ 33. Kd3 Rd6 34. Rxd6 Kxd6 35. a6 Kc6 1/2-1/2

[Event "Cantabria-chT Honor"]
[Site "Cantabria"]
[Date "2008.12.13"]
[Round "5"]
[White "Fernandez Fernandez, Juan Carlos"]
[Black "Cabeza Alfonso, Ricardo"]
[Result "0-1"]
[WhiteElo "2062"]
[BlackElo "1896"]
[PlyCount "134"]
[EventDate "2008.11.08"]
[EventType "swiss"]
[EventCountry "ESP"]
[SourceTitle "EXT 2024"]
[Source "ChessBase"]
[SourceDate "2023.10.10"]
[SourceVersion "1"]
[SourceVersionDate "2023.10.10"]
[SourceQuality "1"]

1. d4 e6 2. c4 f5 3. g3 Bb4+ 4. Bd2 Qe7 5. Bg2 Nf6 6. Nf3 Ne4 7. 0-0 0-0 8. Nc3 Bxc3 9. Bxc3 d6 10. Qc2 Nd7 11. Rad1 Nxc3 12. Qxc3 Nf6 13. b4 a6 14. a4 Bd7 15. a5 Rab8 16. Rb1 c6 17. e3 Kh8 18. Qb2 Rfe8 19. c5 d5 20. Ne5 Rf8 21. f3 Be8 22. Rbe1 Nd7 23. Nd3 Qf6 24. e4 Bf7 25. exd5 exd5 26. h4 Rbe8 27. Nf4 Kg8 28. Qd2 Rxe1 29. Rxe1 Re8 30. Rxe8+ Bxe8 31. Qe3 Bf7 32. Kf2 Kf8 33. Nd3 Qe6 34. Qf4 Qf6 35. Ke3 Qe7+ 36. Kd2 g6 37. Qc7 Nf6 38. Qb8+ Ne8 39. f4 Qc7 40. Qa8 Be6 41. Ne5 Bc8 42. h5 Kg7 43. hxg6 hxg6 44. Qa7 Nf6 45. Qb6 Qxb6 46. axb6 Nh5 47. Bf1 Nxg3 48. Bxa6 bxa6 49. Nxc6 Ne4+ 50. Ke3 Kf7 51. Nd8+ Ke8 52. b7 Bxb7 53. Nxb7 Kd7 54. Na5 Nc3 55. Kf3 Na2 56. Kg3 Nxb4 57. Kh4 Nc6 58. Nb3 a5 59. Kg5 a4 60. Na1 Nxd4 61. Kxg6 Kc6 62. Kf6 Kxc5 63. Ke5 Kc4 64. Kd6 a3 65. Ke5 a2 66. Kd6 Nb3 67. Nc2 Kc3 0-1

[Event "ESP-ch zone 1"]
[Site "Logrono"]
[Date "2008.08.19"]
[Round "2.4"]
[White "Larino Nieto, David"]
[Black "Fernandez Fernandez, Juan Carlos"]
[Result "1-0"]
[WhiteElo "2427"]
[BlackElo "2065"]
[PlyCount "91"]
[EventDate "2008.08.18"]
[EventType "swiss"]
[EventRounds "4"]
[EventCountry "ESP"]
[SourceTitle "CBM 126 Extra"]
[Source "ChessBase"]
[SourceDate "2008.11.05"]
[SourceVersion "1"]
[SourceVersionDate "2008.11.05"]
[SourceQuality "1"]

1. d4 c6 2. c4 d5 3. cxd5 cxd5 4. Nc3 Nf6 5. Bf4 e6 6. e3 a6 7. a3 Be7 8. Bd3 0-0 9. h3 Nc6 10. Nf3 Bd7 11. 0-0 Na5 12. Ne5 Rc8 13. Rc1 Nc4 14. Nxc4 dxc4 15. Bb1 Bc6 16. e4 Qb6 17. Qc2 g6 18. Rcd1 Rfd8 19. Bg5 Qc7 20. Rfe1 Nh5 21. Bxe7 Qxe7 22. d5 Be8 23. e5 exd5 24. Nxd5 Qg5 25. Qe4 Bc6 26. h4 Bxd5 27. hxg5 Bxe4 28. Bxe4 Rxd1 29. Rxd1 Rc7 30. Rd8+ Kg7 31. g3 h6 32. gxh6+ Kxh6 33. Kg2 Kg7 34. Kf3 c3 35. bxc3 Rxc3+ 36. Kg2 Rc7 37. a4 Re7 38. f4 f6 39. Rd6 fxe5 40. Rxg6+ Kf8 41. f5 b5 42. Rh6 Nxg3 43. Kxg3 bxa4 44. f6 Rd7 45. Rh8+ Kf7 46. Rh7+ 1-0